000 00538nam a2200193Ia 4500
003 OSt
005 20240613151834.0
008 210210b1975 xxu||||| |||| 00| 0 eng d
040 _cAL
041 _aKannada
082 _aK894.3 RAMB
100 _aRAMANANDA AMIN.
_dರಮಾನಂದ ಅಮೀನ್
_9170636
245 _aBachchitta bayake.
_bಬಚ್ಚಿಟ್ಟ ಬಯಕೆ
260 _aBombay
_bChandrasagar Prakashana
_c1975
300 _aiv,196
690 _aKannada Fiction
_9170637
906 _a031824
942 _2ddc
_cBK
999 _c83188
_d83188